00179nam a22000857a 4500008004100000041000800041082001100049245002400060260000900084210707s2003 xx 000 0 und d aeng a052 SA aScientific American c2003